000 00409nam a2200145 i 4500
001 43863
003 ES-MaACL
007 t|
008 030318s1875 it ||||1| ita d
100 1 _aCavaleri, Michele.
_937144
245 1 3 _aIl Museo Cavaleri e il municipio di Milano /
_cper Michele Cavaleri.
260 _aMilano :
_bGiuseppe Civelli,
_c1875.
300 _a655 p. ;
_c23 cm.
852 _aES-MaACL
_jC-6741
999 _c43863
_d43863